000 00892nam a2200289 a 4500
001
003 DO-SdBNP
005 20220316083246.0
007 000028647
008 110411s2000 dr 000 j spa d
020 _a9789945098518
040 _aBPMSU
_bspa
_cBPMSU
082 0 4 _aRD863.44
_bF316t, 2021
_222
100 1 _a Feliz, Juan Pablo
_d
245 1 0 _aTodo tiene su tiempo /
_c Juan Pablo Feliz ;ilustraciones Juan Feliz
260 _aSanto Domingo :
_bDiptico,
_c2021
300 _a11 p. ;
_c21 cm.
490 0 _aCuentos infantiles
500 _aIncluye datos biográficos del autor en la contracubierta.
590 _6Inventariado, 2022/VM
650 4 _aCuentos infantiles dominicanos
650 4 _aLiteratura infantil dominicana
700 1 _aFeliz, Juan
_eilustración
910 _aVMateo V.
942 _2ddc
_cBK
956 _aVMATEO
_b10
_c20150923
_lBPMSU
_h0069
999 _c14081
_d14081